000 00630nam a2200181 4500
001 131382
003 ES-MaACL
005 20250626063156.0
007 t|
008 070214s1982 sp r ||||1| spa d
100 0 _aRodríguez, Leoncio,
_c1850-1926
_998273
245 1 4 _aLos árboles históricos y tradicionales de Canarias /
_cLeoncio Rodríguez.
260 _aSanta Cruz de Tenerife :
_bInstituto de Bachillerato `Viera y Clavijo`,
_c1982.
300 _a77 p., 4 lám. ;
_c22 cm.
710 2 _aInstituto de Bachillerato `Viera y Clavijo`.
_94828
852 _aES-MaACL
_jL-2822
_bR.103367
999 _c131382
_d131382